000 00671nam a2200241Ia 4500
005 20260430150010.0
008 008 250103s9999 xx 000 0 eng d
037 _aTheses
040 _aCRL
040 _beng
040 _ceng
041 _2eng
041 _aeng
084 _qCRL
100 _aMehta Priyanka Au.; Rai Umesh Gu.
_91236155
245 0 _aTo study the role of miRNAs involved in the pathogenesis induced by M. fortuitum in kidney macrophages of zebrafish
260 _c2021
300 _a112p.
650 _aZoology
700 _aUniversity of Delhi. Faculty of Science. Department of Zoology
942 _cTH
999 _c1848691
_d1848691